000 00527nam a22001937a 4500
999 _c4378
_d4378
003 GBCCL
005 20241126110517.0
008 180119b xxu||||| |||| 00| 0 eng d
020 _a1852402636
040 _cgbc
082 _a262.1
_bGOR
100 _aGordon, Bob
_95943
245 _aThe Leader's Vision /
_cBob Gordon with David Fardouly
260 _bSovereign World,
_aEngland:
_c1990
300 _a128 P.;
_c21 cm.
440 _aMaster Builders Series
_97432
650 _aChristian leadership
_91568
942 _2ddc
_cBK
_01